000
00329nam a2200157Ia 4500
100
_a
Sadri/ K.H.
650
_a
Chemistry
942
_c
BK
654
_a
Chemistry
245
_a
Applid Chemistry - Vol I
260
_b
Technova Publications
_a
Mumbai
082
_a
660
_b
SAD
300
_a
204
546
_a
ENGLISH
999
_c
32157
_d
32157